000 00754nam a2200181 a 4500
008 150904s2013 ||||||||||||||||| || u
020 _a9781446267110
050 _aHM 1033 Smi
100 _aSmith, Peter B
245 1 0 _aUnderstanding social psychology across cultures: engaging with others in a changing world. (2nd ed.)
_cby Peter B.Smith, Ronald Fischer, Vivian L.Vignoles and Michael Harris Bond
250 _a2nd ed.
260 _aLos Angeles
_bSAGE Publications
_c2013
300 _axvi,464p. :ill.
350 _a58.00
650 _aCROSS CULTURES
650 0 _aSOCIAL PSYCHOLOGY
995 _FCBU-MAIN LIBRARY (Kitwe)
_I58.00
_M1
_UAVAILABLE
_WSep 4, 2015
_ZMain Library Open Access Collection
999 _c60728
_d60728